000 00370 a2200169 4500
001 189216
020 _a978-85-16-06590-4
040 _cMagnum
100 _aPrado, Ricardo Chaves
240 1 0 _aUma cor só minha
_lpor
245 1 0 _aUma cor só minha
300 _a56
362 0 _a2011
440 1 _aModerna
697 _aLITERATURA INFANTO-JUVENIL
942 _cBK
999 _c189216
_d189216